000 00786nam a22001937a 4500
999 _c62286
_d62286
005 20240916132311.0
008 240916s2020 enk||||| |||| 00| 0 eng d
020 _a9781786394675x
041 _aeng
080 _a504.5:574 A-10
100 _aD'Mello, J.P.F.
_923229
245 _aA Handbook of Environmental Toxicology :
_bHuman Disorders and Ecotoxicology /
_cEdited by J.P.F. D'Mello.
264 _aWallingford :
_bCABI,
_c2020.
300 _a621 p. ;
_b25 cm.
653 _aგარემოსდაცვითი ტოქსიკოლოგია
653 _aადამიანის დარღვევები და ეკოტოქსიკოლოგია
700 _aD'Mello, J.P.F.
_eრედაქტორი
_923230
942 _2udc
_cᲬᲘᲒᲜᲘ